Statistics for Famous British women

Click here to take the quiz!

General Stats

  • This quiz has been taken 50 times
    (20 since last reset)
  • The average score is 15 of 26

Answer Stats

clue known forwoman% Correct
princess of walesDiana
94%
virgin queenElizabeth
94%
longest reigning monarch in europeElizabeth
94%
queen of scotsMary
94%
creator of Hercule PoirotAgatha Christie
88%
beheaded 1536Anne Boleyn
88%
the lady with the lampFlorence Nightingale
88%
FrankensteinMary Shelley
82%
wife of Prince AlbertVictoria
82%
peter rabbit authorBeatrix Potter
76%
author sisters, wuthering heightsBronte
76%
Pride and PrejudiceJane Austen
71%
spanish wife of HenryCatherine Of aragon
59%
finale wife of henry, wrote booksCatherine Parr
59%
most known suffragetteEmmeline Pankhurst
53%
died after giving birth to henry's SonJane Seymour
53%
fought the romansBoudicca
47%
nine day queenLady Jane Grey
41%
bloody queenMary I
41%
victorian mathematicianAda Lovelace
35%
Prison reformer 1780-1845Elizabeth Fry
18%
black crimean war nurse with lady of lampMary Seacole
18%
Married to Edward IV during wars of rosesElizabeth Woodville
6%
henry VII motherMargaret Beaufort
6%
first woman member of parliamentLady Astor
0%
wars of the roses french queenMargaret of Anjou
0%

Score Distribution

Percentile by Number Answered

Percent of People with Each Score

Your Score History

You have not taken this quiz since the last reset